Le Wanski - Tarte à la myrtille Paroles - Statistiques

Statistiques générales
  • Ce quiz a été pris 7 fois
  • Le résultat moyen est 102 sur 243
Statistiques - réponses
Paroles % Correct
la
100%
Ce
86%
ce
86%
de
86%
De
86%
ma
86%
ne
86%
n'était
86%
pas
86%
À
71%
à
71%
blueberry
71%
c'était
71%
Cette
71%
cette
71%
fois
71%
gâteau
71%
genre
71%
herbe
71%
je
71%
Je
71%
mangeais
71%
pensais
71%
première
71%
Que
71%
que
71%
Et
57%
et
57%
faire
57%
le
57%
Le
57%
l'habitude
57%
me
57%
moment
57%
contrôle
43%
cookie
43%
du
43%
effet
43%
j'ai
43%
J'ai
43%
manger
43%
mon
43%
perdre
43%
Posé
43%
pouvoir
43%
rapidement
43%
sur
43%
Sur
43%
table
43%
très
43%
assez
29%
Au
29%
au
29%
bout
29%
coton
29%
déjà
29%
des
29%
effets
29%
forts
29%
jamais
29%
les
29%
Les
29%
même
29%
Mes
29%
mes
29%
montée
29%
N'a
29%
pour
29%
Pour
29%
qui
29%
Qui
29%
un
29%
une
29%
accéléré
14%
altérés
14%
aussi
14%
Avec
14%
beaucoup
14%
bouche
14%
C'est
14%
cinq
14%
commencent
14%
Comparés
14%
connecté
14%
corps
14%
couple
14%
dans
14%
d'avoir
14%
décor
14%
découpent
14%
demi-heure
14%
dernière
14%
deviens
14%
d'images
14%
doux
14%
d'une
14%
en
14%
enroulé
14%
esprit
14%
étaient
14%
été
14%
être
14%
expérience
14%
ferme
14%
fond
14%
forme
14%
forment
14%
gens
14%
hasardeux
14%
hyper
14%
image
14%
J'essaye
14%
L'eau
14%
lequel
14%
l'expérience
14%
l'idée
14%
l'impression
14%
Mais
14%
m'empêcher
14%
millions
14%
moi
14%
molécule
14%
n'appréhendais
14%
nous
14%
parfait
14%
parfaitement
14%
Parfois
14%
penser
14%
perceptif
14%
peur
14%
peux
14%
plaid
14%
planète
14%
plus
14%
porte
14%
postsynaptiques
14%
prend
14%
pris
14%
profondément
14%
puissants
14%
ralenti
14%
réalité
14%
récepteurs
14%
réflexion
14%
ressemble
14%
rester
14%
se
14%
sens
14%
sentais
14%
sereinement
14%
seule
14%
sommes
14%
sortir
14%
suis
14%
superposées
14%
tableau
14%
Terre
14%
THC
14%
total
14%
tout
14%
tranquille
14%
veux
14%
voir
14%
vois
14%
Aucun quiz correspondant
Distribution des résultats
% des personnes avec chaque résultat
Percentile par nombre de réponses
Votre historique - résultats
Vous n’avez pas pris ce quiz